000 00675nam a2200217Ia 4500
003 IN-BaIIA
008 211028s9999 xx 000 0 eng d
020 _a0-07-035367-0
040 _cIIA Library
080 _a681.31
_bKOR
100 _aKorn, G. A
_99967
245 0 _aMicroprocessors and small digital computer systems for engineers and scientists
_cG. A. Korn
260 _aNew York
_bMcGraw-Hill
_c1973
300 _axvii, 200p.
650 _aDigital systems
_99968
650 _aMicrocomputers
_99969
650 _aMicroprocessors
_99691
650 _aMinicomputers
_99798
650 _aNASA thesaurus
942 _cBK
999 _c5755
_d5755